000 00353nam a2200145Ia 4500
005 20251222153546.0
008 251222s9999||||xx |||||||||||||| ||spa||
020 _a9789681853495
082 _a624.177.1/B32
100 _aBazán Zurita, Enrique
245 0 _aDiseño Sísmico de Edificios
250 _a1ra.ed.
264 _bLimusa S.A
942 _cLIB
999 _c30657
_d30657